El límite: (Record no. 1815)
[ view plain ]
| 000 -LEADER | |
|---|---|
| campo de control de longitud fija | 00379nam a2200121 4500 |
| 008 - DATOS DE LONGITUD FIJA--INFORMACIÓN GENERAL | |
| campo de control de longitud fija | 760.989.2 ES74l |
| 082 ## - NÚMERO DE LA CLASIFICACIÓN DECIMAL DEWEY | |
| Número de clasificación | 760.989.2 |
| Número de ítem | ES74l |
| 100 ## - ENTRADA PRINCIPAL--NOMBRE DE PERSONA | |
| Nombre de persona | Escobar, Ticio |
| 9 (RLIN) | 827 |
| 245 ## - MENCIÓN DEL TÍTULO | |
| Título | El límite: |
| Resto del título | acerca de la obra gráfica de Osvaldo Palermo |
| 260 ## - PUBLICACIÓN, DISTRIBUCIÓN, ETC. | |
| Lugar de publicación, distribución, etc. | Asunción |
| Nombre del editor, distribuidor, etc. | LAMARCA |
| Fecha de publicación, distribución, etc. | 1994 |
| 300 ## - DESCRIPCIÓN FÍSICA | |
| Extensión | 24 p. |
| Otras características físicas | il. |
| Dimensiones | 33, 5 x 25 cm |
| 650 ## - PUNTO DE ACCESO ADICIONAL DE MATERIA--TÉRMINO DE MATERIA | |
| Subdivisión general | arte contemporáneo |
| -- | grabado |
| -- | crítica |
| -- | Paraguay |
| 9 (RLIN) | 7106 |
| Estatus retirado | Estado de pérdida | Fuente del sistema de clasificación o colocación | Estado de daño | No para préstamo | Biblioteca de origen | Biblioteca actual | Ubicación en estantería | Fecha de adquisición | Total de préstamos | Signatura topográfica completa | Código de barras | Visto por última vez | Precio de reemplazo | Tipo de ítem Koha |
|---|---|---|---|---|---|---|---|---|---|---|---|---|---|---|
| Clasificación Decimal Dewey | Biblioteca LadoV | Biblioteca LadoV | 11/07/2019 | 760.989.2 ES74l | 002303 | 11/07/2019 | 11/07/2019 | Material 01 |
